[Event "113th YMCA Autumn C"]
[Site "Warszawa"]
[Date "2012.11.06"]
[Round "8"]
[White "Kokoszczynski, Jan"]
[Black "Duda, Ryszard"]
[Result "1-0"]
[WhiteElo "1584"]
[BlackElo "1647"]
[PlyCount "145"]
[EventDate "2012.09.18"]
[EventType "tourn"]
[EventRounds "1"]
[EventCountry "POL"]
[SourceDate "2012.09.18"]

1. d4 d5 2. c4 Nf6 3. cxd5 Nxd5 4. e4 Nf6 5. Nc3 g6 6. e5 Nd5 7. Bc4 e6 8. Nf3
Nxc3 9. bxc3 c5 10. O-O cxd4 11. cxd4 a6 12. Bg5 Be7 13. Bxe7 Qxe7 14. Qc1 Nd7
15. a4 Nb6 16. Nd2 O-O 17. a5 Nxc4 18. Nxc4 Rd8 19. Nb6 Rb8 20. Re1 Bd7 21. h3
Bc6 22. Rb1 Qh4 23. Qe3 Kg7 24. Rbc1 h5 25. Rc4 Qe7 26. Rec1 Rg8 27. Rc5 Rbd8
28. Nc4 Rd5 29. Nd6 Rxc5 30. Rxc5 Kh7 31. Ne4 Rc8 32. Nf6+ Kg7 33. Qg5 Rh8 34.
Nxh5+ Kf8 35. Qxe7+ Kxe7 36. Nf6 Rd8 37. Rc4 Rc8 38. f3 Kd8 39. Kf2 Rc7 40. h4
Re7 41. g4 Bb5 42. Rc3 b6 43. h5 gxh5 44. gxh5 Rb7 45. h6 Ke7 46. h7 Rb8 47.
Rc7+ Kd8 48. h8=Q+ Kxc7 49. axb6+ Rxb6 50. Qf8 Bc4 51. Qxf7+ Kc8 52. Qe8+ Kb7
53. Qd7+ Kb8 54. Ne4 Bd5 55. Qd8+ Ka7 56. Qc7+ Rb7 57. Qc5+ Ka8 58. Nd6 Rb2+
59. Kg3 Rb3 60. Qa5 Rxf3+ 61. Kg4 Rb3 62. Qxa6+ Kb8 63. Qc8+ Ka7 64. Qd7+ Ka6
65. Qa4+ Kb6 66. Nc4+ Bxc4 67. Qxc4 Rb1 68. Qxe6+ Kb5 69. Qd5+ Kb6 70. Qc5+ Kb7
71. d5 Rb6 72. d6 Ka8 73. e6 1-0

[Event "113th YMCA Autumn C"]
[Site "Warszawa"]
[Date "2012.11.06"]
[Round "8"]
[White "Bartczak, Hanna"]
[Black "Budrewicz, Henryk"]
[Result "1-0"]
[WhiteElo "1562"]
[BlackElo "1619"]
[PlyCount "89"]
[EventDate "2012.09.18"]
[EventType "tourn"]
[EventRounds "1"]
[EventCountry "POL"]
[SourceDate "2012.09.18"]

1. Nf3 Nf6 2. g3 b6 3. Bg2 Bb7 4. O-O e6 5. c4 c5 6. Nc3 d5 7. cxd5 exd5 8. d4
Be7 9. Ne5 O-O 10. dxc5 Bxc5 11. Nd3 Nbd7 12. Nf4 Ne4 13. Nfxd5 Nxc3 14. Nxc3
Bxg2 15. Kxg2 Re8 16. e4 Qe7 17. f4 Nf6 18. e5 Qb7+ 19. Qf3 Qxf3+ 20. Kxf3 Nd7
21. Ne4 Rac8 22. Bd2 Re6 23. Bc3 Rec6 24. Rad1 Nb8 25. Rd5 Be7 26. Rfd1 Kf8 27.
h3 Ke8 28. Nd6+ Bxd6 29. exd6 Rxc3+ 30. bxc3 Rxc3+ 31. Kg4 Nd7 32. R5d3 Rc5 33.
Re1+ Kd8 34. Kf3 Nf8 35. Re7 a5 36. Rxf7 Ne6 37. Re7 Nf8 38. Rxg7 Ng6 39. d7
Rf5 40. Ke4 Rf8 41. Rxh7 Ne7 42. g4 Ng6 43. f5 Nh8 44. g5 Nf7 45. h4 1-0

[Event "113th YMCA Autumn C"]
[Site "Warszawa"]
[Date "2012.10.16"]
[Round "9"]
[White "Duda, Ryszard"]
[Black "Bartczak, Hanna"]
[Result "1-0"]
[WhiteElo "1647"]
[BlackElo "1562"]
[PlyCount "81"]
[EventDate "2012.09.18"]
[EventType "tourn"]
[EventRounds "1"]
[EventCountry "POL"]
[SourceDate "2012.09.18"]

1. e4 c6 2. d4 d5 3. Nc3 dxe4 4. Nxe4 Nd7 5. Nf3 Ngf6 6. Bd3 Nxe4 7. Bxe4 Nf6
8. Bd3 Bg4 9. c3 Qd5 10. Be2 e6 11. h3 Bh5 12. Bf4 Qe4 13. Be3 Be7 14. O-O O-O
15. Ng5 Bxe2 16. Qxe2 Qg6 17. c4 Nd7 18. Nf3 Bf6 19. Rad1 Rfe8 20. Rfe1 h6 21.
Bf4 Nb6 22. b3 Qf5 23. Bg3 Qa5 24. Qc2 Qa3 25. Re4 a5 26. Be5 Nd7 27. Bxf6 Nxf6
28. Re2 a4 29. Rb1 axb3 30. Rxb3 Qa6 31. Ne5 Ra7 32. Rg3 Rea8 33. Nxf7 b5 34.
Nxh6+ Kh8 35. Qg6 bxc4 36. Nf7+ Rxf7 37. Qxf7 Rg8 38. Rg5 c3 39. Rh5+ Nh7 40.
Qg6 Qxe2 41. Rxh7# 1-0

[Event "113th YMCA Autumn C"]
[Site "Warszawa"]
[Date "2012.11.13"]
[Round "9"]
[White "Wilczynski, Adam"]
[Black "Kokoszczynski, Jan"]
[Result "1/2-1/2"]
[WhiteElo "1654"]
[BlackElo "1584"]
[PlyCount "150"]
[EventDate "2012.09.18"]
[EventType "tourn"]
[EventRounds "1"]
[EventCountry "POL"]
[SourceDate "2012.09.18"]

1. c4 g6 2. g3 Bg7 3. Bg2 d6 4. Nc3 Nf6 5. Nf3 O-O 6. O-O Nbd7 7. d4 e5 8. e4
Re8 9. d5 Nc5 10. Qc2 a5 11. h3 b6 12. Bg5 h6 13. Be3 Bd7 14. Ne1 Qc8 15. Kh2
Nh5 16. Nd3 Nxd3 17. Qxd3 f5 18. Qd2 Kh7 19. Rac1 Rf8 20. exf5 gxf5 21. f4 exf4
22. gxf4 Rg8 23. Bf3 Nf6 24. Rg1 Qe8 25. Bd4 Qf7 26. Rg2 Bh8 27. Rcg1 Rxg2+ 28.
Rxg2 Rg8 29. Rxg8 Kxg8 30. Qe3 Qg7 31. Ne2 Kf8 32. Bc3 Qe7 33. Qxe7+ Kxe7 34.
Ng3 Bg7 35. Kg2 Ne8 36. Ne2 Bxc3 37. Nxc3 Kf6 38. Kf2 Kg6 39. Ke3 Ng7 40. Ne2
Kf6 41. b3 Be8 42. Ng3 Bf7 43. a3 Be8 44. b4 axb4 45. axb4 Bf7 46. Kd4 Ne8 47.
Bd1 Ng7 48. c5 bxc5+ 49. bxc5 Be8 50. c6 Bf7 51. Be2 Ke7 52. Ba6 Kf6 53. Bc8
Nh5 54. Ne2 Ng7 55. Bd7 Bh5 56. Nc3 Ke7 57. Ke3 Be8 58. Bc8 Bh5 59. Ba6 Bf7 60.
Be2 Ne8 61. Bf3 Nf6 62. Kd4 Nh5 63. Bxh5 Bxh5 64. h4 Bf3 65. Ke3 Bg2 66. Kf2
Bh1 67. Kg1 Bf3 68. Kf2 Bh1 69. Ke3 Kf6 70. Kd4 Ke7 71. Ne2 Bf3 72. Ng3 Kf6 73.
Kc4 Be4 74. Ne2 Bg2 75. Nd4 Bf1+ 1/2-1/2

[Event "113th YMCA Autumn C"]
[Site "Warszawa"]
[Date "2012.11.13"]
[Round "9"]
[White "Kwiek, Janusz"]
[Black "Rodak, Przemyslaw"]
[Result "1-0"]
[WhiteElo "1669"]
[BlackElo "1614"]
[PlyCount "119"]
[EventDate "2012.09.18"]
[EventType "tourn"]
[EventRounds "1"]
[EventCountry "POL"]
[SourceDate "2012.09.18"]

1. Nf3 d5 2. d4 c6 3. e3 Nf6 4. c4 e6 5. Nc3 Bd6 6. Bd3 O-O 7. O-O Re8 8. b3
Nbd7 9. Bb2 dxc4 10. bxc4 e5 11. Qc2 exd4 12. exd4 Nf8 13. Rfe1 Rxe1+ 14. Rxe1
Bg4 15. Ne5 Bh5 16. Ne4 Nxe4 17. Bxe4 Bxe5 18. dxe5 Qa5 19. Bc3 Qc5 20. Ba1 Rd8
21. h3 Qa5 22. Bc3 Qc5 23. Bd3 Bg6 24. Bxg6 Nxg6 25. Re4 Nf8 26. Kh2 Ne6 27.
Qe2 Qa3 28. Qc2 Qe7 29. f4 Qh4 30. f5 Qe7 31. fxe6 Qxe6 32. Qe2 a6 33. Rd4 Rxd4
34. Bxd4 b5 35. cxb5 cxb5 36. Qb2 h6 37. Qb3 Qd7 38. Qb4 Qf5 39. Qd2 Qe6 40. a3
Qd5 41. Qe3 Qe6 42. Bc5 Qc8 43. Bb4 Qf5 44. Bd6 Qe6 45. Qd3 Qc8 46. Qd5 Qf5 47.
Qf3 Qc8 48. Qd3 Qe6 49. Bc7 Kh8 50. Qd6 Qf5 51. e6 fxe6 52. Qxa6 e5 53. Qa8+
Kh7 54. Qf3 Qd7 55. Qe4+ Kg8 56. Bxe5 Kh8 57. Qd4 Qb7 58. Qd6 Kh7 59. Qc7 Qxc7
60. Bxc7 1-0

[Event "113th YMCA Autumn C"]
[Site "Warszawa"]
[Date "2012.11.13"]
[Round "9"]
[White "Baranowicz, Jan"]
[Black "Sokur, Ivan"]
[Result "1/2-1/2"]
[WhiteElo "1652"]
[BlackElo "1593"]
[PlyCount "52"]
[EventDate "2012.09.18"]
[EventType "tourn"]
[EventRounds "1"]
[EventCountry "POL"]
[SourceDate "2012.09.18"]

1. e4 e6 2. d4 d5 3. Nc3 Nc6 4. e5 f6 5. exf6 Qxf6 6. Nf3 h6 7. Bb5 Bd6 8. Qe2
Nge7 9. Bxc6+ bxc6 10. O-O a5 11. Re1 O-O 12. Na4 Nf5 13. c3 Nh4 14. Nxh4 Qxh4
15. g3 Qh3 16. c4 Bb4 17. Bd2 Ba6 18. Bxb4 Bxc4 19. Qxe6+ Qxe6 20. Rxe6 axb4
21. b3 Bb5 22. Nc5 Rf3 23. Re3 Rxe3 24. fxe3 Re8 25. Re1 Ra8 26. Ra1 Re8
1/2-1/2

[Event "113th YMCA Autumn C"]
[Site "Warszawa"]
[Date "2012.11.13"]
[Round "9"]
[White "Wrabel, Antoni"]
[Black "Hacia, Damian"]
[Result "1/2-1/2"]
[WhiteElo "1686"]
[BlackElo "1627"]
[Annotator "Admin"]
[PlyCount "77"]
[EventDate "2012.09.18"]
[EventType "tourn"]
[EventRounds "1"]
[EventCountry "POL"]
[SourceDate "2012.09.18"]

1. e4 d5 2. exd5 Nf6 3. Nc3 Nxd5 4. Nxd5 Qxd5 5. d4 Bf5 6. Nf3 Qe4+ 7. Be3 Qxc2
8. Qxc2 Bxc2 9. Rc1 Be4 10. Rxc7 Bc6 11. Bc4 e6 12. Bf4 Nd7 13. O-O Be7 14. Re1
Nb6 15. Bb3 Bd8 16. Rxc6 bxc6 17. Ne5 Rc8 18. Rc1 Bc7 19. Be3 Bxe5 20. dxe5 O-O
21. a4 Rc7 22. a5 Nd5 23. Bc5 Rd8 24. Bc4 Rb7 25. g3 Ne7 26. Ba6 Rbd7 27. Kg2
Nf5 28. g4 Nd4 29. Rc3 Nb5 30. Rc1 h6 31. Be3 Nd4 32. Bc4 c5 33. Ba2 Rc7 34. b4
Nc6 35. Rxc5 Rdc8 36. Rb5 Rb8 37. Rxb8+ Nxb8 38. b5 a6 39. bxa6 $11 1/2-1/2

[Event "113th YMCA Autumn C"]
[Site "Warszawa"]
[Date "2012.11.13"]
[Round "9"]
[White "Kalhorn, Marcin"]
[Black "Blank, Kamil"]
[Result "1-0"]
[WhiteElo "1625"]
[BlackElo "1680"]
[PlyCount "115"]
[EventDate "2012.09.18"]
[EventType "tourn"]
[EventRounds "1"]
[EventCountry "POL"]
[SourceDate "2012.09.18"]

1. d4 d5 2. c4 e6 3. Nc3 Nf6 4. cxd5 exd5 5. Bg5 Be7 6. Qc2 O-O 7. e3 Nc6 8. a3
Re8 9. Bd3 h6 10. Bh4 a5 11. Nge2 b6 12. Bb5 Bb7 13. Nd1 Qd7 14. Qa4 Bb4+ 15.
Kf1 Bd2 16. Bxf6 gxf6 17. Qc2 Bb4 18. axb4 Nxb4 19. Bxd7 Nxc2 20. Rc1 Re7 21.
Rxc2 Rxd7 22. Nf4 Ba6+ 23. Ke1 Bc4 24. Nc3 c6 25. Nb1 Rd6 26. Nd2 Bb5 27. Nf3
a4 28. Rc3 Bc4 29. Kd2 b5 30. Ra1 b4 31. Rcc1 a3 32. bxa3 Rxa3 33. Rcb1 Rd8 34.
Rxa3 bxa3 35. Kc3 a2 36. Ra1 Rb8 37. Nd2 Kg7 38. Nxc4 dxc4 39. Rxa2 Rb1 40. Rc2
f5 41. Kxc4 Rb5 42. Nd3 f6 43. Nb4 Kg6 44. Nxc6 Rb1 45. h4 Kh5 46. g3 Rf1 47.
Kd5 f4 48. exf4 Rb1 49. Ke6 f5 50. d5 Re1+ 51. Ne5 Rd1 52. Nf3 Ra1 53. d6 Ra6
54. Ke7 Ra4 55. Re2 Ra6 56. d7 Rf6 57. d8=Q Rf7+ 58. Kxf7 1-0

[Event "113th YMCA Autumn C"]
[Site "Warszawa"]
[Date "2012.11.20"]
[Round "10"]
[White "Hacia, Damian"]
[Black "Kalhorn, Marcin"]
[Result "0-1"]
[WhiteElo "1627"]
[BlackElo "1625"]
[PlyCount "50"]
[EventDate "2012.09.18"]
[EventType "tourn"]
[EventRounds "1"]
[EventCountry "POL"]
[SourceDate "2012.09.18"]

1. f4 d5 2. Nf3 g6 3. e3 Bg7 4. c4 e6 5. cxd5 exd5 6. Nc3 Nf6 7. Rb1 O-O 8. b3
Re8 9. Bb2 d4 10. Nb5 dxe3 11. dxe3 Qe7 12. Be2 a6 13. Nc3 Qxe3 14. Qd2 Qe7 15.
h3 Rd8 16. Qc1 Bf5 17. Ra1 h5 18. O-O Nc6 19. Re1 Qc5+ 20. Kh2 Re8 21. Nh4 Be6
22. Bd3 Rad8 23. Ba3 Qf2 24. Nxg6 Rxd3 25. Ne5 Rxh3# 0-1

[Event "113th YMCA Autumn C"]
[Site "Warszawa"]
[Date "2012.11.20"]
[Round "10"]
[White "Rodak, Przemyslaw"]
[Black "Baranowicz, Jan"]
[Result "1/2-1/2"]
[WhiteElo "1614"]
[BlackElo "1652"]
[PlyCount "94"]
[EventDate "2012.09.18"]
[EventType "tourn"]
[EventRounds "1"]
[EventCountry "POL"]
[SourceDate "2012.09.18"]

1. c4 g6 2. Nc3 Bg7 3. d4 c5 4. e3 Nf6 5. Nf3 O-O 6. Be2 cxd4 7. exd4 d5 8. O-O
Nc6 9. Re1 Bg4 10. cxd5 Nxd5 11. h3 Bf5 12. Bb5 Ncb4 13. g4 Bd7 14. Bxd7 Qxd7
15. Qb3 Rfd8 16. Ne5 Bxe5 17. Rxe5 Nxc3 18. bxc3 Nd3 19. Re3 Nxc1 20. Rxc1 b6
21. Rd1 e6 22. c4 Rac8 23. d5 Rc5 24. Red3 e5 25. Re3 Qc7 26. Re4 f6 27. a4 Rc8
28. Rc1 Kh8 29. Qf3 Kg7 30. Qe3 Re8 31. Qd2 Rc8 32. f4 exf4 33. d6 Qd8 34. Re7+
Kh8 35. Qxf4 Qf8 36. Re6 Kg7 37. Re7+ Kh8 38. Rxa7 R5c6 39. Qd4 Rxd6 40. Qf2
Rdc6 41. Qh4 Qg8 42. Rd1 g5 43. Qf2 Qxc4 44. Rdd7 Qc1+ 45. Kg2 Rc2 46. Rxh7+
Kg8 47. Rhg7+ Kh8 1/2-1/2

[Event "113th YMCA Autumn C"]
[Site "Warszawa"]
[Date "2012.11.20"]
[Round "10"]
[White "Kokoszczynski, Jan"]
[Black "Kwiek, Janusz"]
[Result "1/2-1/2"]
[WhiteElo "1584"]
[BlackElo "1669"]
[PlyCount "195"]
[EventDate "2012.09.18"]
[EventType "tourn"]
[EventRounds "1"]
[EventCountry "POL"]
[SourceDate "2012.09.18"]

1. d4 Nf6 2. c4 e6 3. Nc3 Bb4 4. Qc2 O-O 5. a3 Bxc3+ 6. Qxc3 b6 7. Bg5 Bb7 8.
Nf3 d6 9. e3 Nbd7 10. Bd3 h6 11. Bh4 g5 12. Bg3 Ne4 13. Qc2 f5 14. O-O Ndf6 15.
Nd2 Nxd2 16. Qxd2 Ne4 17. Bxe4 Bxe4 18. d5 e5 19. f3 f4 20. fxe4 fxg3 21. hxg3
Qd7 22. Qe2 g4 23. Rf5 Qg7 24. Raf1 Rxf5 25. exf5 Rf8 26. Qd3 Qg5 27. e4 Rf7
28. Kf2 a5 29. Qe3 Qf6 30. Rh1 Kh7 31. Ke2 Rg7 32. Kd3 Rg8 33. Rh4 Rg7 34. b3
Rg8 35. Kc3 Rg7 36. Qc1 Rg8 37. Rh5 Rg7 38. Qh1 Rg8 39. Qh2 Qg7 40. Qh4 Rf8 41.
Kb2 Rf7 42. Qh1 Rf8 43. Qc1 Rf7 44. Qd2 Rf8 45. Qe2 Rg8 46. Qe3 Rf8 47. Rh4 Rg8
48. Ka2 Rf8 49. Qc1 Rg8 50. Rh5 Rf8 51. Qf1 Rf6 52. Qe2 Rf8 53. Kb1 Qf6 54. Kc2
Qg7 55. Kd3 Qf6 56. Kc3 Qg7 57. Qd2 Qf6 58. Rh1 Rg8 59. b4 axb4+ 60. axb4 Rg5
61. Ra1 Rg7 62. Ra7 Qd8 63. b5 Qf6 64. Qc1 Qd8 65. Kd3 Qf6 66. Ra8 Rg8 67. Ra6
Rg7 68. Qd1 Qg5 69. Qd2 Qe7 70. Ra1 Rg8 71. Qd1 Qg5 72. Qc1 Qf6 73. Qh1 Qe7 74.
Ra7 Rg7 75. Qh4 Qf8 76. f6 Qf7 77. Ra1 Rg6 78. Rf1 Rg8 79. Rf5 Qf8 80. Qh1 Qa8
81. Qc1 Qf8 82. Qa1 Qf7 83. Qh1 Qf8 84. f7 Rg7 85. Qh5 Rg6 86. Qh4 Rg7 87. Qh5
Rg6 88. Ke2 Kg7 89. Qh4 Kh7 90. Kf2 Kg7 91. Qh5 Kh7 92. Qh4 Kg7 93. Qh5 Kh7 94.
Qh1 Rg7 95. Qh5 Rg6 96. Qh1 Kg7 97. Qh5 Kh7 98. Qh4 1/2-1/2

[Event "113th YMCA Autumn C"]
[Site "Warszawa"]
[Date "2012.11.20"]
[Round "10"]
[White "Bartczak, Hanna"]
[Black "Wilczynski, Adam"]
[Result "0-1"]
[WhiteElo "1562"]
[BlackElo "1654"]
[PlyCount "132"]
[EventDate "2012.09.18"]
[EventType "tourn"]
[EventRounds "1"]
[EventCountry "POL"]
[SourceDate "2012.09.18"]

1. d4 Nf6 2. c4 e6 3. Nc3 Bb4 4. Qc2 O-O 5. Bg5 c5 6. Nf3 cxd4 7. Nxd4 Nc6 8.
e3 h6 9. Bh4 Ne5 10. Be2 Ng6 11. Bg3 d5 12. a3 Bxc3+ 13. Qxc3 Ne4 14. Qc2 e5
15. Nf3 Bf5 16. Qb3 Qa5+ 17. Qb4 Qxb4+ 18. axb4 Nxg3 19. hxg3 dxc4 20. Bxc4
Rfe8 21. Nh4 Nxh4 22. gxh4 a6 23. Bd5 Rab8 24. Rc1 Be6 25. Bxe6 Rxe6 26. Ke2
Rg6 27. Kf3 e4+ 28. Kxe4 Rxg2 29. Kf3 Rg6 30. Rhd1 Rb6 31. Rd7 Rxb4 32. Rcc7
Rf8 33. Rxb7 Rxh4 34. e4 Rh5 35. Ra7 Rb5 36. Rxa6 Rxb2 37. Raa7 Rb6 38. Kg3
Rg6+ 39. Kh3 f6 40. f3 Rb8 41. Rab7 Rxb7 42. Rxb7 Kh7 43. f4 Rg1 44. e5 fxe5
45. fxe5 Re1 46. Rb5 Kg6 47. Kg4 h5+ 48. Kf4 Rf1+ 49. Ke4 h4 50. Rb3 Kf7 51.
Rb7+ Kg6 52. Rb3 Re1+ 53. Kf4 Kh5 54. Kf5 g5 55. Rb8 Rf1+ 56. Ke6 Kg4 57. Rb4+
Kh5 58. Rd4 h3 59. Rd2 g4 60. Kd7 Re1 61. e6 g3 62. Rd5+ Kg4 63. Rd4+ Kf3 64.
Rd3+ Kf2 65. e7 Rxe7+ 66. Kxe7 h2 0-1

[Event "113th YMCA Autumn C"]
[Site "Warszawa"]
[Date "2012.11.13"]
[Round "10"]
[White "Budrewicz, Henryk"]
[Black "Duda, Ryszard"]
[Result "0-1"]
[WhiteElo "1619"]
[BlackElo "1647"]
[PlyCount "134"]
[EventDate "2012.09.18"]
[EventType "tourn"]
[EventRounds "1"]
[EventCountry "POL"]
[SourceDate "2012.09.18"]

1. d4 d5 2. Nf3 Bf5 3. e3 Nd7 4. b3 e6 5. Bb2 Ngf6 6. Nbd2 c5 7. c4 cxd4 8.
exd4 Bb4 9. a3 Be7 10. c5 Ne4 11. b4 O-O 12. Be2 Re8 13. O-O Bf6 14. Ne5 Qc7
15. f4 Nxd2 16. Qxd2 Be4 17. Bb5 Red8 18. Nxd7 Rxd7 19. Bxd7 Qxd7 20. a4 b6 21.
Rfc1 bxc5 22. bxc5 Qc6 23. Qb4 Qc7 24. g3 Rb8 25. Qc3 g5 26. Rf1 h5 27. Bc1 g4
28. Rf2 Bd8 29. Rb2 Rc8 30. a5 f5 31. Qb4 Qe7 32. Be3 h4 33. Ra3 Rc7 34. Rab3
Kf7 35. Qb8 Kg6 36. Rb7 hxg3 37. hxg3 Qh7 38. Rxc7 Qh1+ 39. Kf2 Qf3+ 40. Ke1
Qxe3+ 41. Re2 Qg1+ 42. Kd2 Qxd4+ 43. Ke1 Qc3+ 44. Kd1 Qa1+ 45. Kd2 Qxa5+ 46.
Kd1 Qxc7 47. Qb5 Bf3 48. Qe8+ Kg7 49. Qb5 Bxe2+ 50. Kxe2 Kf7 51. Kd3 Be7 52. c6
Qd8 53. Qb7 Qa5 54. c7 Qa3+ 55. Kc2 Qa2+ 56. Qb2 Qc4+ 57. Qc3 Qa4+ 58. Qb3 Qc6+
59. Qc3 Qa4+ 60. Qb3 Qa6 61. Qb8 Qc4+ 62. Kb1 Qd3+ 63. Ka2 Qc2+ 64. Qb2 Qxc7
65. Qh2 Qc4+ 66. Kb1 Qb3+ 67. Kc1 Ba3+ 0-1

[Event "113th YMCA Autumn C"]
[Site "Warszawa"]
[Date "2012.11.27"]
[Round "11"]
[White "Wilczynski, Adam"]
[Black "Budrewicz, Henryk"]
[Result "1-0"]
[WhiteElo "1654"]
[BlackElo "1619"]
[PlyCount "135"]
[EventDate "2012.09.18"]
[EventType "tourn"]
[EventRounds "1"]
[EventCountry "POL"]
[SourceDate "2012.09.18"]

1. c4 f5 2. g3 Nf6 3. Bg2 g6 4. Nc3 Bg7 5. e4 d6 6. Nge2 e5 7. exf5 gxf5 8. d4
e4 9. Bg5 O-O 10. Nd5 c6 11. Nxf6+ Bxf6 12. Bxf6 Qxf6 13. O-O Be6 14. Rc1 d5
15. c5 Bf7 16. Nf4 Na6 17. Qd2 Nc7 18. Rfe1 Kh8 19. a4 Rg8 20. b4 a6 21. Rb1
Be8 22. Rb3 Bd7 23. Rd1 Raf8 24. Nh5 Qg6 25. Nf4 Qg5 26. Qc3 h5 27. Nh3 Qg7 28.
Nf4 Qf7 29. Qe3 Rg7 30. Rf1 Rfg8 31. Rb2 Ne8 32. Ne2 Nc7 33. Nf4 Be6 34. h4 Bd7
35. Kh2 Rh7 36. Bh3 Ne8 37. f3 Nf6 38. fxe4 Nxe4 39. Rf3 Re8 40. Nd3 Qf6 41.
Ne5 Rxe5 42. dxe5 Qxe5 43. Rg2 Qf6 44. Qf4 Rf7 45. Qb8+ Rf8 46. Qxb7 Bc8 47.
Qc7 d4 48. Qf4 d3 49. Rxd3 Be6 50. Qe3 Kh7 51. Qd4 Qg6 52. Qe5 Bd5 53. Rxd5
cxd5 54. Qxd5 Nf6 55. Qc4 Re8 56. Qf4 Ng4+ 57. Bxg4 fxg4 58. Rd2 Re7 59. b5
axb5 60. axb5 Rf7 61. Qe5 Qh6 62. Qe4+ Kg7 63. Qd4+ Kh7 64. b6 Qc6 65. Re2 Qf3
66. Qe4+ Kg7 67. Qxf3 gxf3 68. Rf2 1-0

[Event "113th YMCA Autumn C"]
[Site "Warszawa"]
[Date "2012.11.27"]
[Round "11"]
[White "Kwiek, Janusz"]
[Black "Bartczak, Hanna"]
[Result "1/2-1/2"]
[WhiteElo "1669"]
[BlackElo "1562"]
[PlyCount "153"]
[EventDate "2012.09.18"]
[EventType "tourn"]
[EventRounds "1"]
[EventCountry "POL"]
[SourceDate "2012.09.18"]

1. Nf3 d5 2. d4 Nf6 3. c4 c6 4. e3 Bg4 5. cxd5 cxd5 6. h3 Bxf3 7. Qxf3 e6 8.
Bb5+ Nc6 9. O-O a6 10. Bxc6+ bxc6 11. b3 Be7 12. Ba3 O-O 13. Bxe7 Qxe7 14. Rc1
Rfc8 15. Nc3 c5 16. Na4 cxd4 17. exd4 Nd7 18. Rc3 Qb4 19. Rac1 Rxc3 20. Qxc3
Qxc3 21. Rxc3 Kf8 22. Kf1 Ke7 23. Ke2 Kd6 24. Kd2 Ra7 25. Rc8 Nf6 26. f3 Nh5
27. g4 Nf4 28. h4 h5 29. gxh5 Nxh5 30. Ke3 Ng3 31. Rh8 Nf5+ 32. Kd3 Kc6 33. h5
Rc7 34. Nc5 Kb6 35. Rb8+ Ka7 36. Rh8 e5 37. Rd8 Ne7 38. Rd7 Rxd7 39. Nxd7 exd4
40. Kxd4 Kb7 41. b4 Nc6+ 42. Kc5 d4 43. Kc4 Kc7 44. Nc5 Kb6 45. f4 f6 46. a4 a5
47. b5 Ne7 48. Kxd4 Nf5+ 49. Ke4 Ng3+ 50. Kd5 Nxh5 51. Ne6 g6 52. Nf8 Nxf4+ 53.
Ke4 Ne2 54. Kd3 Nf4+ 55. Kc4 Kc7 56. Nh7 f5 57. Ng5 Kb6 58. Nf3 Ne6 59. Nh4 f4
60. Nxg6 f3 61. Ne7 Nf4 62. Nf5 Nh5 63. Kd3 Nf4+ 64. Ke3 Nd5+ 65. Kd4 f2 66.
Ng3 Nf6 67. Ke3 Nd7 68. Kxf2 Nc5 69. Ne2 Nxa4 70. Nd4 Nc3 71. Ke3 Nxb5 72. Nxb5
Kxb5 73. Kd3 Ka4 74. Kc4 Ka3 75. Kc3 Ka2 76. Kc2 a4 77. Kc1 1/2-1/2

[Event "113th YMCA Autumn C"]
[Site "Warszawa"]
[Date "2012.11.27"]
[Round "11"]
[White "Baranowicz, Jan"]
[Black "Kokoszczynski, Jan"]
[Result "0-1"]
[WhiteElo "1652"]
[BlackElo "1584"]
[PlyCount "108"]
[EventDate "2012.09.18"]
[EventType "tourn"]
[EventRounds "1"]
[EventCountry "POL"]
[SourceDate "2012.09.18"]

1. e4 c5 2. Nc3 d6 3. f4 g6 4. Nf3 Bg7 5. Bb5+ Bd7 6. Bc4 a6 7. a4 Nc6 8. d3 e6
9. Be3 Nge7 10. d4 cxd4 11. Nxd4 Qc7 12. Be2 O-O 13. Qd2 Rfd8 14. O-O Be8 15.
f5 Nxd4 16. Bxd4 Bxd4+ 17. Qxd4 exf5 18. exf5 Nxf5 19. Qf6 Qc5+ 20. Kh1 Qe5 21.
Qxe5 dxe5 22. Bd3 Ne7 23. Rae1 Nc6 24. Rf6 Rd7 25. Ne4 Kg7 26. Ref1 Rad8 27.
Nc5 Rc7 28. Ne4 Rcd7 29. Nc5 Rc7 30. Ne4 Nb4 31. Nd6 Nxd3 32. cxd3 Rcd7 33.
Nxe8+ Rxe8 34. Rb6 Ree7 35. Rb3 Rd4 36. a5 Red7 37. Rd1 e4 38. Kg1 Rxd3 39.
Rbxd3 exd3 40. Kf2 Rd5 41. Ke3 Rxa5 42. Rxd3 Rb5 43. b3 h6 44. Kd2 Kf6 45. Kc2
Rc5+ 46. Kb2 Re5 47. Rd2 g5 48. Rd6+ Re6 49. Rd2 Kg6 50. Rf2 h5 51. Rd2 Re7 52.
Rd6+ f6 53. Rd2 g4 54. Rf2 Kg5 0-1

[Event "113th YMCA Autumn C"]
[Site "Warszawa"]
[Date "2012.11.27"]
[Round "11"]
[White "Blank, Kamil"]
[Black "Hacia, Damian"]
[Result "0-1"]
[WhiteElo "1680"]
[BlackElo "1627"]
[PlyCount "33"]
[EventDate "2012.09.18"]
[EventType "tourn"]
[EventRounds "1"]
[EventCountry "POL"]
[SourceDate "2012.09.18"]

1. e4 d5 2. exd5 Nf6 3. c4 c6 4. dxc6 Nxc6 5. Nc3 e5 6. g3 Bf5 7. Bg2 Qd7 8.
Nge2 O-O-O 9. a3 Nd4 10. Nxd4 exd4 11. Ne2 d3 12. Nf4 Re8+ 13. Kf1 Bc5 14. Nd5
Nxd5 15. Bxd5 Re2 16. Qb3 Bh3+ 17. Bg2 0-1

[Event "113th YMCA Autumn C"]
[Site "Warszawa"]
[Date "2012.10.18"]
[Round "12"]
[White "Sokur, Ivan"]
[Black "Blank, Kamil"]
[Result "0-1"]
[WhiteElo "1593"]
[BlackElo "1680"]
[PlyCount "26"]
[EventDate "2012.09.18"]
[EventType "tourn"]
[EventRounds "1"]
[EventCountry "POL"]
[SourceDate "2012.09.18"]

1. d4 d5 2. c4 e6 3. Nc3 Nf6 4. Nf3 c5 5. dxc5 Bxc5 6. Bg5 Qb6 7. Bxf6 Bxf2+ 8.
Kd2 Qxb2+ 9. Kd3 dxc4+ 10. Kxc4 gxf6 11. Rb1 Qa3 12. Nd4 Nd7 13. Ndb5 Ne5# 0-1

[Event "113th YMCA Autumn C"]
[Site "Warszawa"]
[Date "2012.12.05"]
[Round "12"]
[White "Rodak, Przemyslaw"]
[Black "Kalhorn, Marcin"]
[Result "1/2-1/2"]
[WhiteElo "1614"]
[BlackElo "1625"]
[PlyCount "78"]
[EventDate "2012.09.18"]
[EventType "tourn"]
[EventRounds "1"]
[EventCountry "POL"]
[SourceDate "2012.09.18"]

1. Nf3 d5 2. d4 Nf6 3. c4 c6 4. Nc3 dxc4 5. e3 b5 6. a4 b4 7. Na2 e6 8. Bxc4
Be7 9. O-O O-O 10. Re1 Bb7 11. e4 Qc7 12. Bg5 c5 13. e5 Nd5 14. Rc1 Bxg5 15.
Nxg5 Qe7 16. Qh5 h6 17. Ne4 cxd4 18. Nd6 Nf4 19. Qg4 Ng6 20. Qxd4 Nc6 21. Qc5
a5 22. Bd3 Ngxe5 23. Rxe5 Nxe5 24. Qxe5 Bd5 25. Bc4 Bxc4 26. Rxc4 Rfd8 27. Rd4
f6 28. Qc5 Ra6 29. h3 Raxd6 30. Rxd6 Qxd6 31. Qxa5 Qd5 32. Qb6 Qd1+ 33. Kh2
Qd6+ 34. Qxd6 Rxd6 35. Nxb4 Rd4 36. Na6 Rxa4 37. Nc5 Rb4 38. Nxe6 Kf7 39. Nc5
Rxb2 1/2-1/2

[Event "113th YMCA Autumn C"]
[Site "Warszawa"]
[Date "2012.12.04"]
[Round "12"]
[White "Bartczak, Hanna"]
[Black "Baranowicz, Jan"]
[Result "0-1"]
[WhiteElo "1562"]
[BlackElo "1652"]
[PlyCount "82"]
[EventDate "2012.09.18"]
[EventType "tourn"]
[EventRounds "1"]
[EventCountry "POL"]
[SourceDate "2012.09.18"]

1. d4 g6 2. c4 Bg7 3. Nf3 c5 4. e3 Nf6 5. Nc3 O-O 6. d5 d6 7. Bd3 e5 8. O-O h6
9. e4 Nh7 10. h3 f5 11. a3 f4 12. b4 b6 13. Be2 g5 14. Nh2 Nf6 15. Ng4 Nbd7 16.
Bb2 Kh8 17. b5 Qe8 18. a4 h5 19. Nh2 Qg6 20. f3 Ng8 21. a5 Rb8 22. axb6 axb6
23. Ra7 Ndf6 24. Qe1 Nh6 25. Kh1 g4 26. hxg4 hxg4 27. Qh4 g3 28. Ng4 Nfxg4 29.
fxg4 Bxg4 30. Bxg4 Qxg4 31. Qxg4 Nxg4 32. Nd1 Kh7 33. Kg1 Kg6 34. Rf3 Bf6 35.
Rfa3 Rh8 36. Rd7 Rh2 37. Rxd6 Rbh8 38. Kf1 Rh1+ 39. Ke2 R8h2 40. Kf3 Rf1+ 41.
Kxg4 Rh4# 0-1